The norton field guide to writing with reading and handbook

Zapisane w:
Opis bibliograficzny
1. autor: Bullock, Richard H.
Format: Książka
Język:Undetermined
Wydane: New York W.W. Norton & Company 2013
Hasła przedmiotowe:
Etykiety: Dodaj etykietę
Nie ma etykietki, Dołącz pierwszą etykiete!
Thư viện lưu trữ: Trung tâm Học liệu Trường Đại học Cần Thơ
LEADER 00568nam a2200181Ia 4500
001 CTU_225020
008 210402s9999 xx 000 0 und d
082 |a 808.042 
082 |b B938 
100 |a Bullock, Richard H. 
245 4 |a The norton field guide to writing with reading and handbook 
245 0 |c Richard Bullock, Maureen Daly Goggin 
260 |a New York 
260 |b W.W. Norton & Company 
260 |c 2013 
650 |a English language,Tiếng Anh 
650 |x Rhetoric.,Tu từ học 
980 |a Trung tâm Học liệu Trường Đại học Cần Thơ